000
00255 a2200097 4500
001
32886
100
_a
Trivedi,S.D
245
_a
Comprehensive Differential Equations
260
_a
New Delhi
_b
Dominant Publishers and Distributors
_c
090
_c
22044
_d
22044
942
_a
NUST-CAE
_c
M
_c
13386
999
_c
267959
_d
267959